|
|
|
|
| LEADER |
01669cas a2200241 a 4500 |
| 001 |
AALejournalIMF008684 |
| 008 |
230101c9999 xx r poo 0 0eng d |
| 020 |
|
|
|c 5.00 USD
|
| 020 |
|
|
|z 9781451838374
|
| 022 |
|
|
|a 1934-7685
|
| 040 |
|
|
|a BD-DhAAL
|c BD-DhAAL
|
| 110 |
2 |
|
|a International Monetary Fund.
|
| 245 |
1 |
0 |
|a Tanzania :
|b Poverty Reduction Strategy Paper Progress Report.
|
| 264 |
|
1 |
|a Washington, D.C. :
|b International Monetary Fund,
|c 2004.
|
| 300 |
|
|
|a 1 online resource (81 pages)
|
| 490 |
1 |
|
|a IMF Staff Country Reports
|
| 500 |
|
|
|a <strong>Off-Campus Access:</strong> No User ID or Password Required
|
| 500 |
|
|
|a <strong>On-Campus Access:</strong> No User ID or Password Required
|
| 506 |
|
|
|a Electronic access restricted to authorized BRAC University faculty, staff and students
|
| 520 |
3 |
|
|a This paper reviews the Third Progress Report 2002/03 for Tanzania's Poverty Reduction Strategy. The report highlights what the government did during the past year in terms of policy developments, an assessment of the achievements and challenges, including the monitoring system. There are successes recorded owing to the implementation of the first Poverty Reduction Strategy Paper in macroeconomic performance and in reforms in various areas including the financial sector, public service , and local government. Distinct effort has been made to improve delivery of social services such as education, health, and water.
|
| 538 |
|
|
|a Mode of access: Internet
|
| 830 |
|
0 |
|a IMF Staff Country Reports; Country Report ;
|v No. 2004/282
|
| 856 |
4 |
0 |
|z Full text available on IMF
|u http://elibrary.imf.org/view/journals/002/2004/282/002.2004.issue-282-en.xml
|z IMF e-Library
|